[Event "Mechanics' Bedjanian TNM; G/2 d/5"]
[Site "San Francisco"]
[Date "2018.11.27"]
[Round "6.28"]
[White "Newey, Richard"]
[Black "Bayaraa, Timothy"]
[Result "1-0"]
[WhiteElo "1600"]
[BlackElo "1075"]
[PlyCount "51"]
[EventDate "2018.??.??"]
[Source "ChessBase"]
[SourceDate "2007.09.04"]

1. e4 e5 2. Nf3 Nc6 3. Bc4 Bc5 4. b4 Bxb4 5. c3 Bc5 6. d4 exd4 7. Bg5 $146 (7.
O-O $1) (7. cxd4) 7... f6 8. Bd2 d6 9. O-O Bg4 10. Qb3 Ke7 $5 11. cxd4 Nxd4 12.
Nxd4 Bxd4 13. Nc3 Qd7 14. Qxb7 Nh6 15. Nd5+ Kf7 16. Nb6+ Qe6 17. Bxe6+ Bxe6 18.
Qxc7+ Kg6 19. Nxa8 Bxa1 20. Rxa1 Rxa8 21. Qxd6 Bf7 22. Bxh6 gxh6 23. e5 Rc8 24.
Qxf6+ Kh5 25. h3 Bd5 26. g4# 1-0

[Event "Mechanics' Bedjanian TNM; G/2 d/5"]
[Site "San Francisco"]
[Date "2018.10.30"]
[Round "2.33"]
[White "Newey, Richard"]
[Black "Bradley, Christopher"]
[Result "1-0"]
[WhiteElo "1600"]
[BlackElo "1407"]
[PlyCount "85"]
[EventDate "2018.??.??"]
[Source "ChessBase"]
[SourceDate "2007.09.04"]

1. e4 c5 2. Nf3 g6 3. Bc4 Bg7 4. Nc3 Nh6 5. d4 cxd4 6. Nxd4 f6 7. O-O Nf7 8. f4
O-O 9. Be3 a6 10. Qf3 Nc6 11. Rad1 Kh8 $2 (11... Nxd4) 12. Ne6 $1 dxe6 13. Rxd8
Rxd8 14. Bb6 Re8 15. a3 Nd6 16. Bb3 Na5 17. Bxa5 b5 18. Rd1 Bb7 19. Bxe6 f5 20.
Bd5 Bxd5 21. exd5 Nc4 22. Bc7 Rac8 23. d6 exd6 24. Bxd6 Nxd6 25. Rxd6 Re1+ 26.
Kf2 Rce8 27. Qc6 h5 28. Rxg6 Bd4+ 29. Kg3 Bg7 30. Kh4 R1e7 31. Rg5 Re6 32.
Rxh5+ Kg8 33. Qd5 Bf6+ 34. Kg3 Kf7 35. Rxf5 Kg6 36. Kg4 Bd8 37. Rh5 Kg7 38. Re5
Rg6+ 39. Kf3 Rf8 40. Qd7+ Kh6 41. g3 Rfg8 42. Re8 R6g7 43. Qxd8 1-0

[Event "Mechanics' Bedjanian TNM; G/2 d/5"]
[Site "San Francisco"]
[Date "2018.12.11"]
[Round "8.29"]
[White "Newey, Richard"]
[Black "Cowgill, Jackie"]
[Result "1-0"]
[WhiteElo "1600"]
[BlackElo "1007"]
[PlyCount "61"]
[EventDate "2018.??.??"]
[Source "ChessBase"]
[SourceDate "2007.09.04"]

1. e4 e5 2. Nf3 Nc6 3. Bc4 Be7 4. O-O d6 5. h3 Nf6 6. Re1 O-O 7. c3 Na5 8. Bd3
c5 9. Qe2 Nc6 10. a3 Qc7 11. b4 b6 12. Bb2 Nd8 13. Bc4 Ne6 14. Bxe6 Bxe6 15. d4
cxb4 16. dxe5 Bc4 17. Qe3 dxe5 18. cxb4 Bd6 19. Nc3 Rfe8 20. Red1 Rad8 21. Rac1
Qb8 22. Rd2 h6 23. Ne2 Bxe2 24. Qxe2 Bc7 25. Rdc2 Bd6 26. Nh4 Rc8 27. Nf5 Rxc2
28. Qxc2 Rc8 $4 29. Qxc8+ Qxc8 30. Rxc8+ Bf8 31. Ne7+ 1-0

[Event "Mechanics' Winter TNM; G/2 d5"]
[Site "San Francisco"]
[Date "2018.02.27"]
[Round "8.39"]
[White "Newey, Richard"]
[Black "Erdenebileg, Matthew"]
[Result "0-1"]
[WhiteElo "1729"]
[BlackElo "1450"]
[PlyCount "84"]
[EventDate "2018.??.??"]
[Source "ChessBase"]
[SourceDate "2007.09.04"]

1. e4 e5 2. Nf3 Nc6 3. Bc4 Bc5 4. c3 Nf6 5. d4 exd4 6. cxd4 Bb4+ 7. Bd2 Bxd2+
8. Nbxd2 d5 9. exd5 Nxd5 10. O-O (10. Qb3) 10... O-O 11. h3 (11. Qb3 Na5) 11...
Nb6 12. Rc1 Nxd4 13. Ne4 Nxf3+ 14. Qxf3 Nxc4 15. Rxc4 Be6 16. Rc3 c6 17. Qg3 h6
18. a3 Bd5 19. f3 Bxe4 20. fxe4 Qd4+ 21. Qe3 Rad8 22. Re1 Rfe8 23. Qxd4 Rxd4
24. Rce3 f6 25. Kf2 Rd2+ 26. R1e2 Rxe2+ 27. Rxe2 Kf7 28. Kf3 Re5 29. Rd2 Ke7
30. Rd3 b6 31. Rc3 c5 32. Rd3 Re6 33. Rd2 Rd6 34. Re2 Rd3+ 35. Kf2 Ke6 36. Re1
Ke5 37. Re2 c4 38. Rc2 b5 39. a4 a6 40. axb5 axb5 41. Re2 b4 42. Re1 Rd2+ 0-1

[Event "Mechanics' Shipman TNM; G/2 d/5"]
[Site "San Francisco"]
[Date "2018.08.28"]
[Round "4.26"]
[White "Newey, Richard"]
[Black "Frank, Robert H"]
[Result "0-1"]
[WhiteElo "1630"]
[BlackElo "1295"]
[PlyCount "44"]
[EventDate "2018.??.??"]
[Source "ChessBase"]
[SourceDate "2007.09.04"]

1. e4 e5 2. Nf3 Nf6 3. Nc3 Nc6 4. a3 d5 5. exd5 Nxd5 6. Nxd5 Qxd5 7. d3 Bg4 8.
Be2 Bd6 9. O-O O-O 10. h3 Bd7 11. Bg5 Nd4 12. Bh4 Bc6 13. c4 Nxe2+ 14. Qxe2 Qe6
15. Rac1 Rae8 16. Rfe1 e4 17. Qd2 Qg6 18. dxe4 Bxe4 19. Kh1 Bxf3 20. gxf3 Qf5
21. Kg2 Bf4 22. Qc2 Qxc2 0-1

[Event "Mechanics' Spring TNM; G/2 d5"]
[Site "San Francisco"]
[Date "2018.05.01"]
[Round "7.19"]
[White "Newey, Richard"]
[Black "Giridharan, Durgashankar"]
[Result "0-1"]
[WhiteElo "1729"]
[BlackElo "1489"]
[PlyCount "44"]
[EventDate "2018.??.??"]
[Source "ChessBase"]
[SourceDate "2007.09.04"]

1. e4 c5 2. c3 Nc6 3. Nf3 Nf6 4. Bd3 d5 5. exd5 Qxd5 6. Be2 Bg4 7. O-O O-O-O 8.
b3 e5 9. Nd4 Bd7 10. Bc4 Qe4 11. Re1 Qg6 12. Nxc6 Bxc6 13. f3 e4 14. Be2 Bd6
15. f4 Bxf4 16. d4 exd3 17. Bf3 Bxf3 18. Qxf3 d2 19. Nxd2 Bxd2 20. Re7 Nd5 21.
Rxf7 Bxc3 22. Bf4 Qxf7 0-1

[Event "Mechanics' Winter TNM; G/2 d5"]
[Site "San Francisco"]
[Date "2018.01.23"]
[Round "3.28"]
[White "Newey, Richard"]
[Black "Harris, Clarence"]
[Result "1-0"]
[WhiteElo "1729"]
[BlackElo "1407"]
[PlyCount "65"]
[EventDate "2018.??.??"]
[Source "ChessBase"]
[SourceDate "2007.09.04"]

1. e4 e5 2. Nf3 Nc6 3. Bc4 Nf6 4. Ng5 d5 5. exd5 Na5 6. Bb5+ c6 7. dxc6 bxc6 8.
Bd3 h6 9. Ne4 Nxe4 (9... Nd5) 10. Bxe4 Qf6 $2 (10... Bc5) (10... Bd6) 11. d3 (
11. Qf3) 11... Bc5 12. O-O Nb7 13. Be3 Bd7 14. Nc3 Rd8 15. Bf3 Bf5 16. Ne4 Bxe4
17. Bxe4 O-O 18. Qf3 Rd6 19. a3 Rfd8 20. Rfe1 Bxe3 21. Qxf6 Rxf6 22. Rxe3 Nc5
23. Bf3 Re6 24. Rae1 f6 25. b3 Red6 26. Kf1 Ne6 27. g3 Nd4 28. Bd1 Nf5 29. Re4
Rd4 30. Bg4 Rxe4 31. Rxe4 Nd4 32. c3 Nxb3 33. Be6+ 1-0

[Event "Mechanics' Winter TNM; G/2 d5"]
[Site "San Francisco"]
[Date "2018.02.06"]
[Round "5.27"]
[White "Newey, Richard"]
[Black "Morgan, Jerry D"]
[Result "0-1"]
[WhiteElo "1729"]
[BlackElo "1449"]
[PlyCount "82"]
[EventDate "2018.??.??"]
[Source "ChessBase"]
[SourceDate "2007.09.04"]

1. e4 Nf6 2. Nc3 e5 3. Nf3 Nc6 4. Bc4 Nxe4 5. Bxf7+ Kxf7 6. Nxe4 Be7 7. d4 d5
8. Neg5+ Ke8 9. Nxe5 Nxe5 10. dxe5 Bf5 11. c3 Qd7 12. O-O h6 13. Nf3 Bg4 14.
Qd3 Kf7 15. Bf4 Bf5 16. Qe3 c5 17. Rad1 Be4 18. Nd2 Qf5 19. Nxe4 Qxe4 20. Qxe4
dxe4 21. Rfe1 g5 22. Bg3 Rad8 23. Kf1 Rd3 24. f3 Rhd8 25. Rxd3 exd3 26. c4 Ke6
27. Rd1 a6 28. Kf2 b5 29. b3 bxc4 30. bxc4 Rd4 31. Ke3 h5 32. h3 a5 33. Rxd3
Rxc4 34. Rb3 Rb4 35. Rxb4 axb4 36. Kd3 Kd5 37. f4 c4+ 38. Ke2 Ke4 39. fxg5 Bxg5
40. Kd1 $4 (40. Be1) 40... Kd3 41. e6 c3 0-1

[Event "Mechanics' Winter TNM; G/2 d5"]
[Site "San Francisco"]
[Date "2018.01.09"]
[Round "1.29"]
[White "Newey, Richard"]
[Black "Revi, Frank"]
[Result "1-0"]
[WhiteElo "1729"]
[BlackElo "1256"]
[PlyCount "75"]
[EventDate "2018.??.??"]
[Source "ChessBase"]
[SourceDate "2007.09.04"]

1. e4 c5 2. Nf3 d6 3. d4 cxd4 4. Nxd4 Nf6 5. Nc3 a6 6. Be2 Nc6 7. Be3 Bd7 8.
O-O e6 9. f4 Qc7 10. Nf3 Rd8 11. Qe1 Ng4 12. Bd2 Qb6+ 13. Kh1 Ne3 14. Qf2 d5
15. Na4 Qa7 16. Bxe3 d4 17. Nxd4 Nxd4 18. Bxd4 Qb8 19. Be5 Qc8 20. Nc3 Bc5 21.
Bd4 Bxd4 22. Qxd4 O-O 23. Qe3 Bc6 24. e5 f6 25. Rad1 Rde8 26. Ne4 Qc7 27. Nd6
Rd8 28. Bf3 fxe5 29. fxe5 Bd5 30. c4 Bxc4 31. Nxc4 Rxd1 32. Rxd1 Qxc4 33. b3
Qb5 34. Be2 Qa5 35. Bc4 Kh8 36. Qe2 Rf5 37. Bxe6 Rxe5 38. Qxe5 1-0

[Event "Mechanics' Summer TNM; G/2 d/5"]
[Site "San Francisco"]
[Date "2018.07.03"]
[Round "6.34"]
[White "Newey, Richard Her"]
[Black "Agdamag, Samuel"]
[Result "1/2-1/2"]
[WhiteElo "1683"]
[BlackElo "1392"]
[PlyCount "118"]
[EventDate "2018.??.??"]
[Source "ChessBase"]
[SourceDate "2007.09.04"]

1. e4 d5 2. exd5 Qxd5 3. Nc3 Qd8 4. d4 Bf5 5. Nf3 e6 6. Bd3 Bxd3 7. Qxd3 Nf6 8.
O-O c6 9. Bg5 Nbd7 10. Rfe1 Be7 11. Rad1 O-O 12. Ne4 Nxe4 13. Bxe7 Qxe7 14.
Rxe4 Nf6 15. Rh4 Qb4 16. b3 Rfd8 17. Ng5 h6 18. Ne4 Nxe4 19. Qxe4 Qa5 20. a4
Qc3 21. Rh3 Qb4 22. Rg3 Rd5 23. Qe3 Rh5 24. Qf3 Rf5 25. Qe3 Kf8 26. c4 Rd8 27.
h3 Qd6 28. Qc3 Qf4 29. Rd2 Rg5 30. Rf3 Qe4 31. Qe3 Qg6 32. g3 h5 33. h4 Rf5 34.
Rxf5 Qxf5 35. Kg2 Qa5 36. Rd3 Qf5 37. Rd2 a5 38. Qc3 b6 39. Qf3 Qxf3+ 40. Kxf3
Ke7 41. Ke4 Rd6 42. Rd3 g6 43. Rf3 f6 44. Rd3 Rd7 45. f3 Rd6 46. Rd2 Rd8 47.
Rh2 Kf7 48. Re2 Rd7 49. Rd2 (49. Rb2 {idea b4} c5 $1) 49... Ke7 50. Rd3 Rd6 51.
d5 exd5+ 52. cxd5 cxd5+ 53. Rxd5 Ke6 54. Rxd6+ Kxd6 55. Kd4 Kc6 56. Kc4 g5 57.
Kd4 gxh4 58. gxh4 Kd6 59. Kc4 Kc6 1/2-1/2

[Event "Mechanics' Spring TNM; G/2 d5"]
[Site "San Francisco"]
[Date "2018.04.17"]
[Round "5.37"]
[White "Newey, Richard Her"]
[Black "Boldi, Nicholas"]
[Result "1-0"]
[WhiteElo "1729"]
[BlackElo "1451"]
[PlyCount "139"]
[EventDate "2018.??.??"]
[Source "ChessBase"]
[SourceDate "2007.09.04"]

1. e4 e6 2. d4 d5 3. Nd2 c5 4. exd5 exd5 5. Ngf3 Nc6 6. Bb5 Qb6 7. Bxc6+ bxc6
8. Nb3 Nf6 9. O-O Bg4 10. Re1+ Be7 11. Nxc5 Qd8 12. Qe2 Bxf3 13. gxf3 Kf8 14.
Bg5 Bxc5 15. dxc5 h6 16. Bf4 Ne8 17. b4 Qf6 18. Be5 Qg5+ 19. Kh1 Qd8 20. Rad1
Qh4 21. Rd4 Qd8 22. Qd2 Nc7 23. Bd6+ Kg8 24. Bxc7 Qxc7 25. c4 dxc4 26. Qc2 Rd8
27. Rde4 Qd7 28. Qxc4 Kh7 29. Re7 Qd3 30. Qxf7 Rhg8 31. Rg1 Qc3 32. Qf5+ Kh8
33. Qf4 Rdf8 34. Rf7 Rxf7 35. Qxf7 Qxb4 36. Rg6 Qxc5 37. Qe6 Kh7 38. Qe4 Kh8
39. Qxc6 Rc8 40. Qd7 Qc7 41. Rxg7 Qc2 42. Rg4 Qc3 43. Kg2 Rf8 44. Qd4+ Qxd4 45.
Rxd4 Rg8+ 46. Rg4 Rd8 47. Rg6 Kh7 48. Ra6 Rg8+ 49. Kf1 Rg7 50. Ra4 Rf7 51. Kg2
Rg7+ 52. Kh3 Rf7 53. f4 Rd7 54. Kg3 Rg7+ 55. Kf3 Re7 56. Ra6 Rc7 57. h3 Re7 58.
f5 Rf7 59. Kf4 Kg7 60. f3 h5 61. Kg5 h4 62. f6+ Kh7 63. f4 Kg8 64. Kxh4 Kh7 65.
Kg5 Kg8 66. Re6 a5 67. Kg6 a4 68. Re8+ Rf8 69. f7+ Kh8 70. Rxf8# 1-0

[Event "Mechanics' Summer TNM; G/2 d/5"]
[Site "San Francisco"]
[Date "2018.07.17"]
[Round "8.24"]
[White "Newey, Richard Her"]
[Black "Chan, John"]
[Result "0-1"]
[WhiteElo "1683"]
[BlackElo "1522"]
[PlyCount "86"]
[EventDate "2018.??.??"]
[Source "ChessBase"]
[SourceDate "2007.09.04"]

1. e4 e6 2. d4 d5 3. Nd2 Nf6 4. e5 Nfd7 5. Bb5 a6 6. Bd3 c5 7. c3 c4 8. Bc2 Nc6
9. f4 Ne7 10. Qg4 Ng6 11. Ngf3 Be7 12. f5 exf5 13. Bxf5 Ndf8 14. O-O Bxf5 15.
Qxf5 Qc8 16. Qc2 Ne6 17. b3 b5 18. a4 O-O 19. Ba3 Bxa3 20. Rxa3 Nef4 21. Rfa1
cxb3 22. Nxb3 b4 23. R3a2 Qxc3 24. Nc5 Qe3+ 25. Qf2 Qxf2+ 26. Kxf2 h6 27. a5
Ne7 28. Ke3 g5 29. g3 Nf5+ 30. Kd2 Ne6 31. Nd7 Rfd8 32. Nf6+ Kg7 33. Kd3 Rac8
34. Rc2 Rxc2 35. Kxc2 Nexd4+ 36. Nxd4 Nxd4+ 37. Kd3 Ne6 38. h4 Nc5+ 39. Ke3 d4+
40. Kf3 d3 41. hxg5 hxg5 42. Rh1 d2 43. Rh7+ Kg6 0-1

[Event "Mechanics' Summer TNM; G/2 d/5"]
[Site "San Francisco"]
[Date "2018.06.05"]
[Round "2.35"]
[White "Newey, Richard Her"]
[Black "Olson, David R"]
[Result "0-1"]
[WhiteElo "1683"]
[BlackElo "1400"]
[PlyCount "62"]
[EventDate "2018.??.??"]
[Source "ChessBase"]
[SourceDate "2007.09.04"]

1. e4 Nc6 2. d4 e6 3. Nf3 Nf6 4. Bd3 Be7 5. a3 O-O 6. e5 Ne8 7. O-O b6 8. Qe2
Bb7 9. Qe4 f5 10. Qe2 d6 11. Re1 dxe5 12. dxe5 g5 13. Ba6 g4 14. Bxb7 gxf3 15.
Qxf3 Nd4 16. Qd3 Rb8 17. Bf3 Kh8 18. Bh6 Rg8 19. Bh5 Qd5 20. Qh3 Nxc2 21. Nc3
Qc5 22. Bf7 Rg4 23. Be3 Qxe5 24. Rad1 Nxe1 25. Qxg4 fxg4 26. Bd4 Qxd4 27. Rxd4
Nf6 28. Bxe6 Rd8 29. Ra4 a5 30. Kf1 Nd3 31. b3 Nc5 0-1

[Event "Mechanics' Spring TNM; G/2 d5"]
[Site "San Francisco"]
[Date "2018.04.03"]
[Round "3.12"]
[White "Newey, Richard Her"]
[Black "Uzzaman, Ashik"]
[Result "0-1"]
[WhiteElo "1729"]
[BlackElo "2096"]
[PlyCount "68"]
[EventDate "2018.??.??"]
[Source "ChessBase"]
[SourceDate "2007.09.04"]

1. e4 c5 2. Nf3 d6 3. d4 cxd4 4. Nxd4 Nf6 5. Nc3 g6 6. Bc4 a6 7. Bb3 b5 8. f3
Bb7 9. Be3 Nbd7 10. Qd2 Rc8 11. Bh6 Bxh6 12. Qxh6 Nc5 13. O-O Qb6 14. Nd5 Bxd5
15. Bxd5 Ne6 16. c3 Nxd4 17. cxd4 Qxd4+ 18. Kh1 Nxd5 19. exd5 Qxd5 20. a4 b4
21. Rad1 Qb3 22. Rfe1 Kd7 23. Qd2 Rc6 24. a5 Rhc8 25. Qd4 Qc4 26. Qe3 e6 27.
Qh6 Rc5 28. Qxh7 Qf4 29. Qg7 Rh5 30. h3 Rc2 31. Rxd6+ Kxd6 32. Qf8+ Kd7 33.
Rd1+ Rd5 34. Re1 Rxg2 0-1

[Event "Mechanics' Summer TNM; G/2 d5"]
[Site "San Francisco"]
[Date "2018.06.05"]
[Round "2.11"]
[White "Nyangar, Enkhmaa"]
[Black "Askin, David Benjamin"]
[Result "0-1"]
[WhiteElo "1732"]
[BlackElo "1960"]
[PlyCount "50"]
[EventDate "2018.??.??"]
[Source "ChessBase"]
[SourceDate "2007.09.04"]

1. e4 c6 2. d4 d5 3. Nc3 b5 4. exd5 b4 5. Ne4 Qxd5 6. Nc5 e5 7. Be3 Bxc5 8.
dxc5 Ne7 9. Nf3 Nd7 10. b3 a5 11. Bc4 Qxd1+ 12. Rxd1 Nf5 13. Bc1 O-O 14. g4 Ne7
15. Rd6 h6 16. g5 Nf5 17. Rxc6 Bb7 18. Rc7 Bxf3 19. Rg1 Rad8 20. gxh6 Nxc5 21.
Be2 Bxe2 22. Kxe2 Ne6 23. Ra7 Ned4+ 24. Kf1 Nf3 25. hxg7 Rfe8 0-1

[Event "Mechanics' Winter TNM; G/2 d5"]
[Site "San Francisco"]
[Date "2018.01.30"]
[Round "4.38"]
[White "Nyangar, Enkhmaa"]
[Black "Baer, Michael Alan"]
[Result "1-0"]
[WhiteElo "1634"]
[BlackElo "1385"]
[PlyCount "99"]
[EventDate "2018.??.??"]
[Source "ChessBase"]
[SourceDate "2007.09.04"]

1. e4 g6 2. d4 d6 3. f4 Bg7 4. Nf3 Nf6 5. Bd3 a6 6. O-O b5 7. c3 Bb7 8. Qe2 O-O
9. f5 Nbd7 10. e5 dxe5 11. dxe5 Nd5 12. e6 N7f6 13. exf7+ Rxf7 14. fxg6 Rf8 15.
Qe6+ Kh8 16. Ne5 Qd6 17. Nf7+ Rxf7 18. Qxd6 cxd6 19. gxf7 Rf8 20. a4 b4 21.
cxb4 Nxb4 22. Bc4 Nc2 23. Ra2 d5 24. Be2 Rxf7 25. Nc3 d4 26. Nd1 Rf8 27. Bd2
Rc8 28. Bd3 e5 29. b4 Be4 30. Bxa6 Rd8 31. b5 Bd3 32. Ba5 Ra8 33. Rf2 Ne3 34.
Nxe3 dxe3 35. Rf3 Nd5 36. Ra3 e4 37. Rf5 Bc4 38. Be1 e2 39. Bb7 Rd8 40. Bxd5
Bxd5 41. Kf2 Bc4 42. a5 Bd4+ 43. Kg3 Bb2 44. Re3 Rd1 45. Bb4 Rd3 46. Rxd3 exd3
47. b6 Bc1 48. b7 d2 49. b8=Q+ Bg8 50. Bc3# 1-0

[Event "Mechanics' Summer TNM; G/2 d5"]
[Site "San Francisco"]
[Date "2018.07.10"]
[Round "7.15"]
[White "Nyangar, Enkhmaa"]
[Black "McKellar, Daniel"]
[Result "0-1"]
[WhiteElo "1732"]
[BlackElo "1871"]
[PlyCount "76"]
[EventDate "2018.??.??"]
[Source "ChessBase"]
[SourceDate "2007.09.04"]

1. e4 c5 2. f4 d5 3. Nc3 d4 4. Nce2 Nc6 5. Nf3 Bg4 6. d3 Bxf3 7. gxf3 e5 8. h4
Be7 9. h5 Bh4+ 10. Kd2 exf4 11. Nxf4 Bg5 12. Ke2 h6 13. Bh3 Nge7 14. a3 O-O 15.
Rg1 Qd6 16. Ng2 f5 17. f4 Bf6 18. e5 {[#]} Nxe5 19. fxe5 Bxe5 20. Qf1 Rae8 21.
Kd1 f4 22. Qf3 Nd5 23. Bd2 Ne3+ 24. Kc1 Qe7 25. b3 Bf6 26. Nxf4 Bg5 27. Be6+
Qxe6 28. Nxe6 Rxf3 29. Nxg5 hxg5 30. Rxg5 b6 31. Kb2 Nf1 32. Rd1 Re2 33. Be1
Ne3 34. Rd2 Rxe1 35. h6 Nd1+ 36. Rxd1 Rxd1 37. Rxg7+ Kh8 38. Rxa7 Rff1 0-1

[Event "Mechanics' Winter TNM; G/2 d5"]
[Site "San Francisco"]
[Date "2018.02.20"]
[Round "7.17"]
[White "Nyangar, Enkhmaa"]
[Black "Yanofsky, Kevin"]
[Result "1/2-1/2"]
[WhiteElo "1634"]
[BlackElo "1855"]
[PlyCount "126"]
[EventDate "2018.??.??"]
[Source "ChessBase"]
[SourceDate "2007.09.04"]

1. e4 c5 2. f4 g6 3. Nf3 Bg7 4. Bc4 Nc6 5. d3 e6 6. Nc3 Nge7 7. O-O d5 8. Bb5
O-O 9. e5 a6 10. Bxc6 Nxc6 11. d4 cxd4 12. Nxd4 Qb6 13. Nce2 f6 14. exf6 Rxf6
15. Be3 Rf7 16. Rb1 Qc7 17. Nf3 h6 18. Qd3 Kh7 19. Nh4 Rf6 20. c3 e5 21. Qxd5
Be6 22. Qe4 Raf8 23. fxe5 Rxf1+ 24. Rxf1 Rxf1+ 25. Kxf1 Qf7+ 26. Kg1 Bxe5 27.
a3 Bd5 28. Qg4 g5 29. Nf3 Be6 30. Qe4+ Bf5 31. Nxe5 Qe6 32. Nd4 Bxe4 33. Nxe6
Nxe5 34. Nc5 Bd5 35. b4 Nc4 36. Bc1 Kg6 37. Kf2 Kf5 38. a4 Nd6 39. Be3 Ne4+ 40.
Nxe4 Kxe4 41. Bd4 h5 42. h3 h4 43. g3 hxg3+ 44. Kxg3 Kf5 45. a5 Bc4 46. h4
gxh4+ 47. Kxh4 Ke6 48. Kg5 Kd5 49. Kf6 Kc6 50. Ke5 Bf1 51. Bc5 Be2 52. Kd4 Bf1
53. Ke5 Be2 54. Ke6 Bf1 55. Ke7 Be2 56. Kd8 Bf3 57. Kc8 Kb5 58. Kc7 Be4 59. Bd4
Bf3 60. Kd6 Be4 61. Bc5 Bf3 62. Kc7 Be4 63. Be7 Bf3 1/2-1/2

[Event "Mechanics' Winter TNM; G/2 d5"]
[Site "San Francisco"]
[Date "2018.02.20"]
[Round "7.3"]
[White "O'Connor, Derek"]
[Black "Askin, Michael Christopher"]
[Result "1-0"]
[WhiteElo "2275"]
[BlackElo "2019"]
[PlyCount "109"]
[EventDate "2018.??.??"]
[Source "ChessBase"]
[SourceDate "2007.09.04"]

1. d4 d5 2. c4 e6 3. Nf3 Nf6 4. e3 c6 5. b3 Bb4+ 6. Nbd2 Nbd7 7. Bd3 Bc3 8. Rb1
e5 9. Qc2 Bxd2+ 10. Nxd2 exd4 11. exd4 Qe7+ 12. Kf1 Nf8 13. Nf3 Ng6 14. Bd2 O-O
15. Re1 Qd6 16. c5 Qc7 17. h4 Nf4 18. Bxf4 Qxf4 19. Qd2 Qxd2 20. Nxd2 Be6 21.
g3 b6 22. Rc1 Nd7 23. f4 Bg4 24. Kf2 bxc5 25. dxc5 Rfe8 26. Rhe1 Rxe1 27. Kxe1
a5 28. Nf1 Rb8 29. Ne3 Nf6 30. Kd2 g6 31. Nc2 Nh5 32. Nd4 Bd7 33. Rg1 a4 34.
Kc3 axb3 35. a4 b2 36. Nb3 Bf5 37. Bxf5 gxf5 38. Kxb2 Nf6 39. a5 Ne4 40. Ka3
Nc3 41. Nd4 Nb1+ 42. Rxb1 Rxb1 43. Nb3 Re1 44. a6 Re8 45. Ka4 d4 46. Ka5 d3 47.
a7 f6 48. Kb6 Kf7 49. Kxc6 Ke6 50. Kb7 Kd5 51. c6 Re7+ 52. c7 Rxc7+ 53. Kxc7
Kc4 54. Nd2+ Kc3 55. Nf3 1-0

[Event "Mechanics' Winter TNM; G/2 d5"]
[Site "San Francisco"]
[Date "2018.01.23"]
[Round "3.3"]
[White "O'Connor, Derek"]
[Black "Davies, Vinzent J"]
[Result "1-0"]
[WhiteElo "2275"]
[BlackElo "2015"]
[PlyCount "60"]
[EventDate "2018.??.??"]
[Source "ChessBase"]
[SourceDate "2007.09.04"]

1. d4 Nf6 2. c4 e6 3. Nf3 b6 4. g3 Bb7 5. Bg2 c5 6. d5 exd5 7. Nh4 g6 8. cxd5
Bg7 9. Nc3 d6 10. O-O O-O 11. a4 Na6 12. h3 Nb4 13. Bg5 Qd7 14. Qd2 a6 15. Kh2
b5 16. e4 bxa4 17. Nxa4 Qb5 18. Nc3 Qb6 19. Rfc1 a5 20. Na4 Qb5 21. Bf1 Qe8 22.
f3 Ba6 23. Bxa6 Rxa6 24. Ng2 Nh5 25. g4 Nf6 26. Re1 Nd7 27. f4 Qb8 28. Nc3 c4
29. Ne3 Nd3 30. Reb1 h6 {
Black is doing very well here, but later lost. Remaining moves unavailable.}
1-0

[Event "Mechanics' Spring TNM; G/2 d5"]
[Site "San Francisco"]
[Date "2018.04.17"]
[Round "5.1"]
[White "O'Connor, Derek"]
[Black "Diaz, Conrado"]
[Result "0-1"]
[WhiteElo "2305"]
[BlackElo "2338"]
[Annotator "Winslow,Elliott"]
[PlyCount "78"]
[EventDate "2018.??.??"]
[Source "ChessBase"]
[SourceDate "2007.09.04"]

1. d4 d5 2. c4 c6 3. Nf3 Nf6 4. e3 Bg4 ({If one writes a lot of opening books,
especially large-scale reportoire books, there must eventually be the
predicament of Book vs. Books, i.e. "preparing for yourself." Avrukh's book on
the Classical Slav (2014) has Black play} 4... Bf5 {
What he has White then play.... another time...}) 5. Qb3 (5. h3 {
Avrukh's "new" recommendation (2016)} Bxf3 (5... Bh5 6. g4 Bg6 7. Ne5 e6 (7...
Be4 $5 8. f3 Bxb1 9. Rxb1 e6 10. Qb3 $1 (10. Kf2 $5) 10... Qb6 11. Bd2 Nbd7 12.
Nd3 $1 {Avrukh 2016}) (7... Nbd7))) 5... Qb6 6. Nc3 e6 7. Nh4 {
Avrukh's "old" recommendation.} Bh5 (7... g5) (7... Nbd7) (7... Be7) 8. h3 Nbd7
(8... Bg6) ({Relevant:} 8... Be7 9. g4 Bg6 10. Nxg6 hxg6 11. Bg2 g5 12. O-O
Nbd7 13. Rd1 Qc7 14. e4 Nxe4 15. Nxe4 dxe4 16. Bxe4 Rd8 17. Bg2 O-O 18. Be3
Rfe8 19. Rac1 Qb6 20. d5 Qxb3 21. axb3 exd5 22. cxd5 cxd5 23. Rxd5 Bf6 24. Bxa7
Ne5 25. Rxd8 Rxd8 26. Bxb7 Nd3 27. Rd1 Nb4 28. Rxd8+ Bxd8 29. Be4 Bf6 30. Bc5 {
1-0 (30) Carlsen,M (2855)-So,W (2770) Leuven 2016}) 9. g4 (9. Bd2) 9... Bg6 10.
Nxg6 hxg6 11. g5 ({Let's just note that} 11. Bg2 {
is played over 5 times as often and with a much better score (63% vs. 50%).})
11... Ng8 (11... Ne4 $5) 12. Bd2 (12. c5) 12... Ne7 13. O-O-O $146 (13. Qc2 Nf5
14. cxd5 cxd5 15. Nb5 Bd6 16. Qa4 Ke7 17. Rc1 a6 18. Nxd6 Nxd6 19. Bd3 Rhc8 20.
Ke2 Ke8 21. b3 Ne4 22. Bxe4 dxe4 23. Rc4 Qb5 24. Rhc1 Nb6 25. Qxb5+ axb5 26.
Rxc8+ Rxc8 27. Rxc8+ Nxc8 28. f3 f5 29. f4 Nb6 30. Kd1 Nd5 31. Kc2 b4 {
1/2-1/2 (31) Javakhadze,Z (2365)-Bukavshin,I (2417) Akhisar Manisa 2009}) 13...
Nf5 {Typical Diaz -- already it's slipping to Black's favor.} 14. Kb1 Be7 15.
Rg1 Qxb3 16. axb3 Rh5 17. f4 a5 18. Kc2 Bb4 19. Ne2 Bxd2 20. Kxd2 b6 21. Ng3
Nxg3 22. Rxg3 Nb8 {Perhaps a bit too amusing.} ({(Computer likes} 22... Ke7 {
heading for d6)}) 23. e4 $2 {
Conrado's "enough rope" strategy works again (I speak from experience)} dxe4
24. Bg2 Na6 25. Bxe4 Nb4 26. Kc3 $2 (26. Ke3) 26... O-O-O {[#]} 27. Rd2 Rh4 28.
Rf3 Kc7 29. Bd3 $2 Na2+ 30. Kc2 Rxd4 31. Be2 Nb4+ 32. Kd1 Rdxf4 33. Rxf4 Rxf4
34. Bg4 c5 35. Rg2 Nc6 36. Kd2 Rd4+ 37. Ke3 Ne5 38. Be2 Rh4 39. Rg3 f5 0-1

[Event "Mechanics' Spring TNM; G/2 d5"]
[Site "San Francisco"]
[Date "2018.04.10"]
[Round "4.3"]
[White "O'Connor, Derek"]
[Black "Ivanov, Aleksandr"]
[Result "1-0"]
[WhiteElo "2305"]
[BlackElo "2166"]
[PlyCount "121"]
[EventDate "2018.??.??"]
[Source "ChessBase"]
[SourceDate "2007.09.04"]

1. d4 d5 2. c4 e6 3. Nf3 c6 4. Nbd2 Nf6 5. g3 Nbd7 6. Bg2 Bd6 7. O-O O-O 8. b3
e5 9. dxe5 Nxe5 10. Bb2 Re8 11. Bxe5 Bxe5 12. Nxe5 Rxe5 13. cxd5 Nxd5 14. Nc4
Re8 15. e4 Nc3 16. Qc2 Nb5 17. Rfd1 Qf6 18. e5 Bf5 19. Qd2 Qh6 20. Qxh6 gxh6
21. f4 Bg4 22. Rd2 Red8 23. Rb2 Rd4 24. Rc1 Rad8 25. Bf1 Bf3 26. Ne3 Be4 27.
Ng4 Kg7 28. Bxb5 cxb5 29. Rc7 R8d7 30. Rxd7 Rxd7 31. Nf6 Rd1+ 32. Kf2 Bc6 33.
Ke3 b4 34. Rd2 Rxd2 35. Kxd2 a5 36. Kd3 Kg6 37. Kd4 b6 38. Nd5 Bd7 39. Nxb6 Bf5
40. Nc4 Bb1 41. Nxa5 Bxa2 42. Kc4 Kf5 43. Nc6 f6 44. Nd4+ Kg6 45. f5+ Kf7 46.
e6+ Ke7 47. Nc6+ Kd6 48. Nxb4 Bb1 49. Nd3 Bc2 50. b4 Bd1 51. Kd4 Bf3 52. b5 h5
53. b6 h4 54. Nc5 Bc6 55. b7 Kc7 56. e7 Be8 57. Ne6+ Kxb7 58. Ng7 hxg3 59. hxg3
Bd7 60. e8=Q Bxe8 61. Nxe8 1-0